00297nam a2200133Ia 4500008004100000100002100041245001400062250001100076260002800087300000800115650001600123942000700139999001700146190216s9999||||xx |||||||||||||| ||und|| aJanardhanapillai 0aAlgebra 2 a1st ed bAjith Book Centerc1993 a166 aMathematics cBK c31340d31340